000 00434nam a2200145Ia 4500
008 220204s9999 xx 000 0 und d
082 _a631.3
_bGEN
245 0 _aAdvanced agricultural instrumentation: Design and use
260 _aDordrecht
_bMartinus Nijhoff
_c1986
490 _aApplied sciences; 111
650 _aAgricultural instrumentation
650 _aPhotosynthesis instrument
700 _aGENSLER, William G
942 _cBK
999 _c39421
_d39421